000 01565cam a2200349 i 4500
001 10411
003 Mx-PuUPA
005 20251105114848.0
008 140415s2023 ag gr 001 0 spa d
020 _a9789506232917
040 _aMx-PuUPA
_bspa
_cMx-PuUPA
_dMx-PuUPA
_erda
041 1 _aspa
_hita
100 1 _aGiustozzi, Gianfilippo,
_eautor
_917666
240 1 0 _aPierre Theilhard De Chardin. La «reinvenzione» dell'a esperienza religiosa.
_lEspañol
245 1 0 _aPierre Theilhard De Chardin :
_bLa «reinvención» de la experiencia religiosa /
_cGianfilippo Giustozzi ; traducción de Néstor Dante Saporiti
264 1 _aSalta, Argentina :
_bEUCASA (Ediciones Universidad Católica de Salta) ;
_aPuebla :
_bUniversidad Popular Autónoma del Estado de Puebla,
_c2023
300 _a224 páginas ;
_c23 cm
336 _2rdacontent
_atexto
_btxt
337 _2rdamedia
_asin medio
_bn
338 _2rdacarrier
_avolumen
_bnc
490 0 _aEucasa Identidad ;
_aFé y Razón
600 1 4 _aTeilhard de Chardin, Pierre
650 7 _2armarc
_aTeología
_913986
650 7 _2armarc
_aExperiencia religiosa
650 7 _2armarc
_aEspiritualidad
_xCristianismo
700 1 _aSaporiti, Néstor Dante,
_etraductor
765 0 _aGiustozzi, Gianfilippo
_tPierre Theilhard De Chardin. La «reinvenzione» dell'esperienza religiosa
_dRoma, Italia : Edizioni Studium, ©2021
942 _2ddc
_cLI
_h248.2
_iG5318
999 _c10411
_d10411